Statistics for Countries Bordering Countries with Longer Names

Click here to take the quiz!

General Stats

  • This quiz has been taken 88 times
  • The average score is 16 of 20

Answer Stats

# B# CCOUNTRY% Correct
54Peru
92%
16Canada
91%
34Oman
91%
34Togo
89%
55Spain
89%
54Laos
89%
74Mali
86%
17Ireland
86%
65Italy
84%
64Chad
83%
15Haiti
81%
26Panama
81%
35Gabon
81%
16Gambia
80%
17Lesotho
78%
25Qatar
69%
16Brunei
69%
55Kenya
58%
29Swaziland
53%
38Honduras
38%

Score Distribution

Percentile by Number Answered

Percent of People with Each Score

Your Score History

You have not taken this quiz